000 01434aam a2200445 4500
005 20250624162405.0
008 150721b2005 xxu||||| |||| 00| 0 spa d
041 _aESP
082 _a658.404.028.5 C716g
_b
100 _aColmenar, Antonio
100 _aCastro, Manuel A.
100 _aSan Cristobal, Elio
100 _aVara, Alfonso
100 _aPérez, Julio
245 _aGestión de proyectos con Microsoft Project
260 _aEspaña
260 _bAlfaomega
260 _c2006
300 _a204 páginas
490 _aDirección y Administración de Empresas
650 _aGERENCIA DE PROYECTOS
650 _aPROCESAMIENTO DE DATOS
650 _aAPLICACIONES DE COMPUTADORA
650 _aPROYECTOS INFORMÁTICOS
650 _aMICROSOFT PROJECT 2003
650 _aINSTALACIÓN DE MICROSOFT PROJECT 2003
650 _aGESTIÓN DE PROYECTOS
650 _aCOMIENZO DE UN PROYECTO PASO A PASO
650 _aMANEJO DE LAS TAREAS DE PROYECTOS
650 _aESQUEMATIZACIÓN DE UN PROYECTO
650 _aGESTIÓN DE LOS RECURSOS DEL PROYECTO
650 _aPROGRAMACIÓN DE RECURSOS
650 _aGESTIÓN DE LAS CARGAS DE TRABAJO DE RECURSOS
650 _aRECURSOS DEL PROYECTO
650 _aELABORACIÓN DE PROYECTOS
650 _aCONTROL DE PROYECTOS
650 _aAPLICACIÓN DE FILTROS Y ORDENACIÓN DE DATOS
650 _aCREACIÓN DE TABLAS PERSONALIZADAS
942 _cBK
_2ddc
999 _c1993
_d1993